Central Library OPAC University of Rajshahi

المظاهر الإلهية ;; al-Maẓāhir al-Ilāhīyah / (Record no. 78300)

MARC details
000 -LEADER
fixed length control field 01181nam a2200241 u 4500
001 - CONTROL NUMBER
control field 78300
003 - CONTROL NUMBER IDENTIFIER
rucl marc code BD-RjUL
005 - DATE AND TIME OF LATEST TRANSACTION
control field 20211209083120.0
008 - FIXED-LENGTH DATA ELEMENTS--GENERAL INFORMATION
fixed length control field 210906q19601966ir ||b |00010 ara||
035 ## - SYSTEM CONTROL NUMBER
System control number (BD-RjUL)78526
040 ## - CATALOGING SOURCE
Original cataloging agency UkOxU
Language of cataloging eng
Transcribing agency BD-RjUL
041 0# - LANGUAGE CODE
Language code of text/sound track or separate title araper
082 ## - DEWEY DECIMAL CLASSIFICATION NUMBER
Edition number 23
Classification number 181.071767
Author mark and year SHM 1966
100 1# - MAIN ENTRY--PERSONAL NAME
Personal name شيرازي محمد صدر الدين ;; Shīrāzī, Muḥammad Ṣadr al-Dīn
Dates associated with a name -1641.
9 (RLIN) 247418
245 14 - TITLE STATEMENT
Title المظاهر الإلهية ;; al-Maẓāhir al-Ilāhīyah /
Statement of responsibility, etc. لمؤلفه صدر الدين محمد الشيرازي ؛ حققه وقدم له وعلق عليه جلال الدين آشتياني.;; Ṣadr al-Dīn Muḥammad al-Shīrāzī ; ḥaqqaqahu wa-qaddama lahu wa-ʿallaqa ʿalayhi Jalāl al-Dīn Āshtiyānī.
260 ## - PUBLICATION, DISTRIBUTION, ETC. (IMPRINT)
Place of publication, distribution, etc. مشهد :Mashhad :
Name of publisher, distributor, etc. چاپخانۀ خراسان ،;; Chāpkhānah-ʼi Khurāsān,
Date of publication, distribution, etc. [196-?]
300 ## - PHYSICAL DESCRIPTION
Pagination 128 p. ;
Size 24cm.
504 ## - BIBLIOGRAPHY, ETC. NOTE
Bibliography, etc Includes bibliographical references.
650 #0 - SUBJECT ADDED ENTRY--TOPICAL TERM
Topical term or geographic name as entry element Islamic philosophy
Form subdivision Early works to 1800.
9 (RLIN) 247419
700 1# - ADDED ENTRY--PERSONAL NAME
Personal name شتياني، جلال الدين.;; Āshtiyānī, Jalāl al-Dīn.
942 ## - ADDED ENTRY ELEMENTS (KOHA)
Source of classification or shelving scheme Dewey Decimal Classification
Koha item type Books
Holdings
Lost status Source of classification or shelving scheme Damaged status Not for loan Collection code Permanent Location Current Location Shelving location Date acquired Source of acquisition Total Checkouts Full call number Date last seen Copy number Koha item type
  Dewey Decimal Classification   Not For Loan Non-fiction Central Library, University of Rajshahi Central Library, University of Rajshahi Reading Room 19/03/1995 N/A   A 181.071767 SHM 1966 06/09/2021 C-1 Books